Responses for Show #6785 - Friday, February 28, 2014

Arthur Chu game 9.

Contestants

[<< previous game]

Dawn Volmert, a controller from Troy, Missouri

Semret Lemma, an MBA student from Arlington, Virginia

Arthur Chu, a compliance analyst and voiceover artist from Broadview Heights, Ohio (whose 8-day cash winnings total $238,200)

[next game >>]

Jeopardy! Round responses

CELEBRITY VETERANS
THE COOKIE AISLE
STATE BY COUNTIES
ACTUAL 911 CALLS
RUSSIAN TO JUDGMENT
LEADER OF THE "PACK"
(Alex: And "P-A-C-K" will come up in each correct response.)
    $200 27
Oliver Stone

Arthur
    $200 26
Oreos

Dawn
    $200 29
New Mexico

Arthur
    $200 20
a squirrel

Arthur
    $200 30
Vladimir Lenin

Triple Stumper
    $200 2
(Arthur: Um... what are packages? [*]?)

small packages

Arthur
    $400 19
Paul Newman

Arthur
    $400 9
Keebler

Arthur
    $400 21
Wyoming

Dawn
    $400 25
Oklahoma

Dawn
    $400 28
Garry Kasparov

Arthur
    $400 23
a six-pack

Arthur
    $600 5
Ed McMahon

Dawn
    $600 6
Chips Ahoy!

Dawn
    $600 24
Kansas

Dawn
    $600 14
(Dawn: What is Time-Warner?)
(Arthur: What is AMC?)

your cable company

ArthurSemretDawn
    $600 22
Archangel

Dawn
    $600 18
a pack rat

Arthur
    $800 4
Mel Brooks

Semret
    $800 7
Milanos

Semret
    $800 17
(Dawn: What is Nebraska?)
(Semret: What is Illinois?)

Montana

SemretDawn
Triple Stumper
    $800 13
Burger King

Dawn
    $800 1
(Arthur: What are... oh, I'm sorry.)
(Dawn: What are latkes?)

blinis

ArthurSemretDawn
    $800 15
packet switching

Arthur
    $1000 3
Bea Arthur

Dawn
    $1000 8
(Alex: Gotta love 'em--the [*].)

Lorna Doone

Triple Stumper
    $1,800 12
(Alex: [*] is the state. Well-done!)

Idaho

Arthur
    $1000 10
hookahs

Arthur
    $1000 16
the Duma

Arthur
    $1000 11
a blister pack

Arthur

Scores at the first commercial break (after clue 14):

Arthur Semret Dawn
$3,000 $3,000 $1,600

Scores at the end of the Jeopardy! Round:

Arthur Semret Dawn
$7,200 $2,200 $3,000

Double Jeopardy! Round responses

RIP VAN WINKLE
PHOTOGRAPHY
WHO SANG IT FIRST?
MEDICAL HISTORY
SAME VOWEL WORDS
(Alex: Only one of the five vowels will appear in each response.)
SPEECH!
    $400 30
his beard

Arthur
    $400 29
Yankee Stadium

Semret
    $400 7
Gladys Knight

Semret
    $400 1
penicillin

Arthur
    $400 19
a guru

Semret
    $400 25
Mohammed

Semret
    $800 28
Rip's dog

Triple Stumper
    $1,200 18
(Semret: What is snap shot?)

candid camera

Semret
    $800 6
(Arthur: What is "Money"?)

"Stand By Me"

ArthurSemret
    $800 8
(Arthur: What is "obstretics"?)
...
(Alex: Yeah, you put an "R" in there, Arthur. Sorry we had to punish you for that.)

obstetrics

ArthurSemret
    $800 20
a bookworm

Arthur
    $800 24
(Arthur: Who is Truman?)

LBJ (Lyndon Baines Johnson)

Arthur
Triple Stumper
    $1200 27
the Catskills

Semret
    $1200 17
Ansel Adams

Semret
    $1200 5
(Bruce) Springsteen

Semret
    $1200 9
angioplasty

Dawn
    $1200 26
infighting

Arthur
    $1200 23
the Sermon on the Mount

Dawn
    $8,000 21
(Henry) Hudson

Arthur
    $1600 14
ISO

Triple Stumper
    $1600 4
Stevie Wonder

Semret
    $1600 11
liver

Arthur
    $1600 15
bacchanal

Arthur
    $1600 16
(James) Monroe

Arthur
    $2000 13
(Peter) Stuyvesant

Arthur
    $2000 2
Life

Dawn
    $2000 3
Dolly Parton

Semret
    $2000 10
(Arthur: Who is Salk?)

Edward Jenner

Arthur
Triple Stumper
    $2000 22
senescence

Arthur
    $2000 12
Queen Elizabeth I

Triple Stumper

Scores at the end of the Double Jeopardy! Round:

Arthur Semret Dawn
$22,400 $11,400 $7,400

[wagering suggestions for these scores]

Final Jeopardy! Round responses

MODERN DAY SUFFIXES
(Alex: [To Dawn] Yes, we had Water[*], Contra[*], Camilla[*], Korea[*], lots of [*]s.)
...
(Alex: And Arthur gets to relax for a week because next week, we come back with our '90s Tournament. Be sure to watch those players returning to our program.)
DawnWhat is -gate?
$4,001
SemretWhat is -gate?
$10,600
ArthurWhat is -gate?
$400
-gate

Final scores:

Arthur Semret Dawn
$22,800 $22,000 $11,401
9-day champion: $261,000 2nd place: $2,000 3rd place: $1,000

Game dynamics:

Coryat scores:

Arthur Semret Dawn
$15,200 $12,600 $7,400
24 R
(including 2 DDs),
6 W
15 R,
2 W
(including 1 DD)
12 R,
3 W

Combined Coryat: $35,200

[game clues] [game scores] [suggest correction]

Game tape date: 2013-11-19
The J! Archive is created by fans, for fans. Scraping, republication, monetization, and malicious use prohibited; this site may use cookies and collect identifying information. See terms. The Jeopardy! game show and all elements thereof, including but not limited to copyright and trademark thereto, are the property of Jeopardy Productions, Inc. and are protected under law. This website is not affiliated with, sponsored by, or operated by Jeopardy Productions, Inc. Join the discussion at JBoard.tv.